000 00439nam a2200181Ia 4500
001 16598
005 20260306170321.0
008 260306t2017||||xx |||||||||||||| ||und||
041 _aESP
082 _a348.8
_bC34
100 _aCastillo Córdova, Luis
_eAUT
245 0 _aDerecho al trabajo y proceso de amparo
260 _c2017
300 _a260 páginas :
_c24 cm.
650 _aGEN
654 _aCDE
942 _cLIB
_dJUS
_fJUS
_2ddc
_n
999 _c16598
_d16598